Mecánica de materiales / (Registro nro. 786)
[ vista simple ]
| 000 -LEADER | |
|---|---|
| fixed length control field | 01330nam a2200265Ia 4500 |
| 003 - CONTROL NUMBER IDENTIFIER | |
| control field | PE SENCICO BE |
| 005 - DATE AND TIME OF LATEST TRANSACTION | |
| control field | 20260220165308.0 |
| 008 - FIXED-LENGTH DATA ELEMENTS--GENERAL INFORMATION | |
| fixed length control field | 200515s9999 xx 000 0 und d |
| 020 ## - INTERNATIONAL STANDARD BOOK NUMBER | |
| International Standard Book Number | 970-17-0121-6 |
| 040 ## - CATALOGING SOURCE | |
| Original cataloging agency | PE SENCICO BE |
| Transcribing agency | PE SENCICO BE |
| 041 ## - LANGUAGE CODE | |
| Language code of text/sound track or separate title | spa |
| 082 ## - DEWEY DECIMAL CLASSIFICATION NUMBER | |
| Classification number | 620.11 |
| Item number | H47 1998 |
| 100 1# - MAIN ENTRY--PERSONAL NAME | |
| Personal name | Hibbeler, R. C. |
| 9 (RLIN) | 184 |
| Relator term | autor |
| 245 10 - TITLE STATEMENT | |
| Title | Mecánica de materiales / |
| Statement of responsibility, etc. | R. C. Hibbeler ; traducción: José de la Cera A. |
| 250 ## - EDITION STATEMENT | |
| Edition statement | 3a ed. |
| 260 ## - PUBLICATION, DISTRIBUTION, ETC. | |
| Place of publication, distribution, etc. | México, D.F. : |
| Name of publisher, distributor, etc. | Prentice-Hall Hispanoamericana ; |
| Date of publication, distribution, etc. | 1998 |
| 300 ## - PHYSICAL DESCRIPTION | |
| Extent | xv, 854 páginas : |
| Other physical details | ilustraciones, diagramas ; |
| Dimensions | 25 cm. |
| 505 0# - FORMATTED CONTENTS NOTE | |
| Formatted contents note | Esfuerzo -- Deformación unitaria -- Propiedades mecánicas de los materiales -- Carga axial -- Torsión -- Flexión-- Esfuerzo cortante transversal -- Cargas combinadas -- Transformación del esfuerzo -- Transformación de la deformación unitaria -- Diseño de vigas y flechas -- Deflexiones de vigas y flechas -- Pandeo de columnas -- Métodos de energía |
| 520 3# - SUMMARY, ETC. | |
| Summary, etc. | Presenta numerosos análisis y aplicaciones al diseño de elementos mecánicos y estructurales básicos que se encuentra a menudo en la práctica de la ingeniería |
| 650 10 - SUBJECT ADDED ENTRY--TOPICAL TERM | |
| Topical term or geographic name entry element | Mecánica de materiales |
| 9 (RLIN) | 359 |
| 650 20 - SUBJECT ADDED ENTRY--TOPICAL TERM | |
| Topical term or geographic name entry element | Vigas |
| 9 (RLIN) | 327 |
| 650 20 - SUBJECT ADDED ENTRY--TOPICAL TERM | |
| Topical term or geographic name entry element | Torsión |
| 9 (RLIN) | 360 |
| 700 1# - ADDED ENTRY--PERSONAL NAME | |
| Personal name | De la Cera A., José |
| 9 (RLIN) | 185 |
| Relator term | traductor |
| 942 ## - ADDED ENTRY ELEMENTS (KOHA) | |
| Koha item type | Libros |
| Source of classification or shelving scheme | Dewey Decimal Classification |
| Fecha de la última vez que lo usaron | Número de ingreso o de inventario | Pago total | Signatura topográfica completa | Código de barras | Tipo de documento | Estado perdido | Sistema de clasificación | Estado dañado | No es para préstamo | Retirado | Ubicación permanente | Ubicación actual | Precio efectivo desde | Fecha de adquisición |
|---|---|---|---|---|---|---|---|---|---|---|---|---|---|---|
| 15/05/2020 | 12743 | 620.11/H97/1998 | BibLima25122592 | Libros | Dewey Decimal Classification | Biblioteca Central Lima | Biblioteca Central Lima | |||||||
| 29/12/2025 | 620.11/H47/1998 | BibZtruj25122593 | Libros | Dewey Decimal Classification | Biblioteca Trujillo | Biblioteca Trujillo | 29/12/2025 | 29/12/2025 | ||||||
| 29/12/2025 | 620.11/H47/1998/ej. 2 | BibZtruj25122594 | Libros | Dewey Decimal Classification | Biblioteca Trujillo | Biblioteca Trujillo | 29/12/2025 | 29/12/2025 |